The interview as arena (Record no. 704)

000 -LEADER
fixed length control field nam a22 a 4500
005 - DATE AND TIME OF LATEST TRANSACTION
control field 20170504160505.0
008 - FIXED-LENGTH DATA ELEMENTS--GENERAL INFORMATION
fixed length control field 170504b1971 xxu||||| |||| 00| 0 eng d
020 ## - INTERNATIONAL STANDARD BOOK NUMBER
International Standard Book Number 0804707294
040 ## - CATALOGING SOURCE
Original cataloging agency AKMAL
082 ## - DEWEY DECIMAL CLASSIFICATION NUMBER
Classification number 158.39 DAV
090 ## - LOCALLY ASSIGNED LC-TYPE CALL NUMBER (OCLC); LOCAL CALL NUMBER (RLIN)
Classification number (OCLC) (R) ; Classification number, CALL (RLIN) (NR) 158.39
Local cutter number (OCLC) ; Book number/undivided call number, CALL (RLIN) DAV
100 ## - MAIN ENTRY--PERSONAL NAME
Personal name Davis, John D.
9 (RLIN) 1501
245 ## - TITLE STATEMENT
Title The interview as arena
Remainder of title strategies in standardized interviews and psychotherapy /
Statement of responsibility, etc. [by] John D. Davis.
260 ## - PUBLICATION, DISTRIBUTION, ETC.
Place of publication, distribution, etc. Stanford, Calif.
Name of publisher, distributor, etc. Stanford University Press
Date of publication, distribution, etc. 1971.
300 ## - PHYSICAL DESCRIPTION
Extent xv, 204 p.
Other physical details illus.
Dimensions 23cm
504 ## - BIBLIOGRAPHY, ETC. NOTE
Bibliography, etc. note Bibliography: p. [179]-195.
599 ## - LOCAL NOTE
Local Note DALAM PROSES
650 ## - SUBJECT ADDED ENTRY--TOPICAL TERM
Topical term or geographic name entry element Interviewing in psychiatry.
9 (RLIN) 1502
650 ## - SUBJECT ADDED ENTRY--TOPICAL TERM
Topical term or geographic name entry element Psychotherapy.
9 (RLIN) 1503
852 ## - LOCATION
Location British Library
Sublocation or collection DSC
852 ## - LOCATION
Location British Library
Sublocation or collection HMNTS
942 ## - ADDED ENTRY ELEMENTS (KOHA)
Source of classification or shelving scheme
Koha item type Book
Holdings
Withdrawn status Lost status Source of classification or shelving scheme Damaged status Not for loan Collection code Home library Current library Shelving location Date acquired Inventory number Total Checkouts Full call number Barcode Date last seen Price effective from Koha item type
          NON-FICTION AKMAL Melaka AKMAL Melaka PINJAMAN 04.05.2017 100183   158.39 DAV 201701669 04.05.2017 04.05.2017 Book
Pusat Sumber Maklumat Dato' Haji Sarmin Md Hussin, Akademi Kastam Diraja Malaysia, Melaka
Tel: 06-2331106 | Faks: 06-2313787